| 000 | 00778nam a2200265Ia 4500 | ||
|---|---|---|---|
| 003 | GCL | ||
| 008 | 140319s9999 xx 000 0 ara d | ||
| 040 |
_aGCL / _cGCL |
||
| 082 | 0 | 4 |
_a574.09 _bد ت |
| 100 | 1 | _aمحمد رشاد الحلاوى | |
| 245 | 1 | 0 |
_aالتطوير عملياتة ونتائجة / _cمحمد رشاد الحلاوى |
| 700 | 1 | _aامين رشيد حمدى | |
| 700 | 1 | _aرمسيس لطفى | |
| 700 | 1 | _aدودسن، ادوار | |
| 260 |
_a[S.N] : _bعالم الكتب الحديث ، _c1969 |
||
| 300 | _a611 ص | ||
| 490 | _a | ||
| 650 | 0 | 4 | _aالعلم |
| 650 | 0 | 4 | _aالوراثة |
| 650 | 0 | 4 | _aالنبات |
| 650 | 0 | 4 | _aالحيوان |
| 650 | 0 | 4 | _aالاحياء |
| 650 | 0 | 4 | _aالتغير البيولوجى |
| 942 |
_2ddc _cBK |
||
| 999 |
_c29979 _d29979 |
||